La primera revolución mundial : informe del Consejo al Club de Roma /

Guardat en:
Dades bibliogràfiques
Autor principal: King, Alexander (autor)
Altres autors: Schneider, Bertrand (autor) (autor)
Format: Llibre
Idioma:espanyol
Publicat: México : Fondo de Cultura Económica, 1991, c1991
Etiquetes: Afegir etiqueta
Sense etiquetes, Sigues el primer a etiquetar aquest registre!

MARC

LEADER 00000nam^a2200000^a^4500
001 000440619
005 20250526000000.0
009 20260310123339.863
037 |a Acervo ITESO - Biblioteca 
041 |a ESP 
091 |a FHM. 10008 
100 |a King, Alexander  |e (autor) 
245 1 3 |a La primera revolución mundial :  |b informe del Consejo al Club de Roma / 
264 4 |a México :  |b Fondo de Cultura Económica,  |c 1991, c1991 
300 |a 329 p. ;  |c 17.0 cm. 
336 |a texto  |b txt  |2 rdacontenido 
337 |a sin mediación  |b n  |2 rdamedio 
338 |a volumen  |b nc  |2 rdasoporte 
649 |a XX 
700 |a Schneider, Bertrand  |e (autor) 
910 |a Fondo Hugo B. Margáin 
920 |a Impresos - Libros 
930 |a Libros Antiguos y Raros 
905 |a 126 
901 |a 0500324905  |b IT2  |c LRA  |i D118588  |u 20250526 
902 |a https://opac.biblio.iteso.mx/vufind/Record/000440619